000 00823nam a22001815i 4500
001 158201
003 ES-MaACL
005 20230906211044.0
008 020305s1871 sp |||| | spa d
040 _aCAM
_bspa
_cCAM
100 0 _aLuceño, Tomás.
_974566
245 1 3 _aEl teatro moderno
_b: sainete original y en verso /
_cde Tomás Luceño y Becerra.
260 _aMadrid :
_b[s.n.],
_c1871 (
_fImp. Española)
300 _a32 p. ;
_c19 cm.
500 _aEn port.: Estrenado en el teatro de Lope de Rueda, la noche del 17 de diciembre de 1870.
596 1 _aAl v. de port. consta : "... Galería de los Bufos Arderius..."
852 _aES-MaACL
_jF-8579(11)
_z-- Enc. pasta española
_q-- Falto de la cub. original
_z-- Enc. en un vol. facticio formando parte de la col. faciticia "Teatro español moderno", vol. 32
999 _c158201
_d158201